000 00657nam a2200217 a 4500
999 _c1168
_d1168
001 1168)
003 BD-JhCC
005 20180705134013.0
008 171016s2015 bg |||| |||| 001 0 ben d
035 _a(BD-JhCC)1168)
040 _aBD-JhCC
_dBD-JhCC
041 _aben
082 _a891.4
_bMUH 2015
100 _aইকবাল, মুহন্মদ জাফর
245 _aক্রুগো /
_cমুহন্মদ জাফর ইকবাল
260 _aঢাকা :
_bপ্রতীক,
_c২০১৫.
300 _a৬৭ পৃ.:
_c২১ সেমি.
650 _aBengali science Fiction
942 _2ddc
_cBK
_01